书目信息 |
| 题名: |
和心理专家谈谈心
|
|
| 作者: | 赵建勇 编著 | |
| 分册: | ||
| 出版信息: | 天津 天津科学技术出版社 2010.05 |
|
| 页数: | 217页 | |
| 开本: | 24cm | |
| 丛书名: | ||
| 单 册: | ||
| 中图分类: | B84-49 | |
| 科图分类: | ||
| 主题词: | 心理学--xin li xue--通俗读物 | |
| 电子资源: | ||
| ISBN: | 978-7-5308-5630-7 | |
| 000 | 00861nam0 2200229 450 | |
| 001 | 012010272718 | |
| 005 | 20101222091526.01 | |
| 010 | @a978-7-5308-5630-7@dCNY29.00 | |
| 100 | @a20101222d2010 em y0chiy0120 ea | |
| 101 | 0 | @achi |
| 102 | @aCN@b120000 | |
| 105 | @ay z 000yy | |
| 106 | @ar | |
| 200 | 1 | @a和心理专家谈谈心@Ahe xin li zhuan jia tan tan xin@f赵建勇编著@Fzhao jian yong bian zhu |
| 210 | @a天津@c天津科学技术出版社@d2010.05 | |
| 215 | @a217页@d24cm | |
| 330 | @a本书内容包括:我这是怎么回事——自己最难耐的困惑、我该嫁绐什么人——女性最在意的情感、房子戒指在哪里——男人最无奈的责任、我家孩子怎么了——家长最关注的话题、有钱没钱都得花——生活最沉重的压力等。 | |
| 606 | 0 | @a心理学@Axin li xue@j通俗读物 |
| 690 | @aB84-49@v4 | |
| 701 | 0 | @a赵建勇@Azhao jian yong@4编著 |
| 801 | 0 | @aCN@bQSSK@c20101222 |
| 905 | @b790432-34@dB84-49@eZ308@f3 | |
| 和心理专家谈谈心/赵建勇编著.-天津:天津科学技术出版社,2010.05 |
| 217页;24cm |
| ISBN 978-7-5308-5630-7:CNY29.00 |
| 本书内容包括:我这是怎么回事——自己最难耐的困惑、我该嫁绐什么人——女性最在意的情感、房子戒指在哪里——男人最无奈的责任、我家孩子怎么了——家长最关注的话题、有钱没钱都得花——生活最沉重的压力等。 |
| ● |
| 相关链接 |
|
|
|
正题名:和心理专家谈谈心
索取号:B84-49/Z308
 
预约/预借
| 序号 | 登录号 | 条形码 | 馆藏地/架位号 | 状态 | 备注 |
| 1 | 790432 | 207904320 | 社科库509/509社科库 35排3列3层/ [索取号:B84-49/Z308] | 在馆 | |
| 2 | 790433 | 207904339 | 社科库509/509社科库 35排3列3层/ [索取号:B84-49/Z308] | 在馆 | |
| 3 | 790434 | 207904348 | 社科库509/509社科库 35排3列3层/ [索取号:B84-49/Z308] | 在馆 |